00158 a2200073 45000010005000001000015000052450037000202600027000579003 aPepper F S aH Book of 20th Century Quaatioms abSpheare Preferencec